Culture Générale - Série 2749 - Statistiques

Statistiques générales
  • Ce quiz a été pris 39 fois
  • Le résultat moyen est 4 sur 10
Statistiques - réponses
Question Réponse % Correct
Quelle est la couleur des boîtes noires des avions ? orange
83%
Dans quelle ville peut-on s'embrasser sur le Pont des Soupirs ? Venise
83%
Quel était la nationalité du poète Pablo Neruda ? chilienne
61%
Sous quel pseudonyme est connue Amantine Lucile Aurore Dupin ? George Sand
50%
Au bord de quelle grand lac se trouve la ville de Toronto ? Ontario
47%
Dans le département de Police de quelle ville travaille le lieutenant Columbo ? Los Angeles
39%
Quelle personnalité se trouvait sur les billets de 500 nouveaux francs en circulation de 1959 à 1997 ? prénom et nom - voir photo Blaise Pascal
28%
Dans quel art peut-on utiliser une "cabrette" ? musique
28%
Qui a réalisé en 1991 le documentaire "Atlantis" ? prénom et nom Luc Besson
6%
De quel pays le tugrik est-il la monnaie officielle ? Mongolie
6%
Aucun quiz correspondant
Distribution des résultats
% des personnes avec chaque résultat
Percentile par nombre de réponses
Votre historique - résultats
Vous n’avez pas pris ce quiz